003840000a22001690004500650002200000650001800022015000800040082002500048518001300073530000600086100002400092245003200116260003400148260001400182300001000196041000800206 aNepali literature aNepali poetry aNNB aN895.511bBh396mcCS a20051130 aM aBhatta, Ram Krishna aMero rahar; kavita sangraha aBaitadibLekhak svayam, Nepal c2059 B.S. a156p. aNep